Faculty of Law Library — Cairo University

Official Online Catalog

نظرية التنفيذ المباشر في القانون الإداري: (Record no. 75466)

MARC details
000 -LEADER
fixed length control field 01148nam a2200289 i 4500
003 - CONTROL NUMBER IDENTIFIER
control field EG-GICUC
005 - DATE AND TIME OF LATEST TRANSACTION
control field 20260504112010.0
008 - FIXED-LENGTH DATA ELEMENTS--GENERAL INFORMATION
fixed length control field 260504s1962 ua ||||fr|||| 00| 0 ara d
040 ## - CATALOGING SOURCE
Original cataloging agency EG-GiCUC
Language of cataloging ara
Transcribing agency EG-GiCUC
Modifying agency EG-GiCUC
Description conventions Rda
082 04 - DEWEY DECIMAL CLASSIFICATION NUMBER
Edition number 21
Classification number 345.665
Item number م ح . ن
092 04 - LOCALLY ASSIGNED DEWEY CALL NUMBER (OCLC)
Edition number 21
099 ## - LOCAL FREE-TEXT CALL NUMBER (OCLC)
Classification number Law1 07 345.665 م ح . ن 1962
100 0# - MAIN ENTRY--PERSONAL NAME
Personal name محمد كامل ليلة
Relator term مؤلف.
245 ## - TITLE STATEMENT
Title نظرية التنفيذ المباشر في القانون الإداري:
Remainder of title دراسة مقارنة للتشريع و الفقه و القضاء/
Statement of responsibility, etc. محمد كامل ليلة.
250 ## - EDITION STATEMENT
Edition statement الطبعة الأولي
264 #1 - PRODUCTION, PUBLICATION, DISTRIBUTION, MANUFACTURE, AND COPYRIGHT NOTICE
Place of production, publication, distribution, manufacture القاهرة:
Name of producer, publisher, distributor, manufacturer دار الفكر العربي,
Date of production, publication, distribution, manufacture, or copyright notice 1962.
300 ## - PHYSICAL DESCRIPTION
Extent 695 صفحة ؛
Dimensions 24 سم.
336 ## - CONTENT TYPE
Source rda contenu
Content type term texte
337 ## - MEDIA TYPE
Source rda medias
Media type term Ordinateur
338 ## - CARRIER TYPE
Source transporteur rda
Carrier type term Ressource en ligne
546 ## - LANGUAGE NOTE
Language note النص باللغة العربية
650 1# - SUBJECT ADDED ENTRY--TOPICAL TERM
Topical term or geographic name entry element القانون الإداري
650 1# - SUBJECT ADDED ENTRY--TOPICAL TERM
Topical term or geographic name entry element التنفيذ المباشر للقرار الإداري
856 40 - ELECTRONIC LOCATION AND ACCESS
Uniform Resource Identifier <a href="https://fll.law.cu.edu.eg/fulltext/bks/B07-02332.pdf">https://fll.law.cu.edu.eg/fulltext/bks/B07-02332.pdf</a>
905 ## - Cataloger and Reviser Names
Cataloger Name: Logain Ashraf
942 ## - ADDED ENTRY ELEMENTS (KOHA)
Source of classification or shelving scheme Dewey Decimal Classification
Suppress in OPAC No
Koha item type Books
Edition 21
Holdings
Withdrawn status Lost status Source of classification or shelving scheme Damaged status Not for loan Collection Home library Current library Date acquired Total checkouts Full call number Barcode Date last seen Copy number Price effective from Koha item type
    Dewey Decimal Classification   Not for loan القانون الإداري جــــامعة القــاهرة مكتبة كلية الحقوق - المبنى الرئيسي 04.05.2026   Law1 07 345.665 م ح . ن 0702332 1962 C1 B07-02332 04.05.2026 1 04.05.2026 Books

© All rights reserved — Faculty of Law, Cairo University

Implemented and Customized by: Eng. M. Mohamady